000 00644nam a22001937a 4500
005 2009072308398.0
008 090723t xxu||||| |||| 00| 0 eng d
080 _a5+6 (031)(092) =M
_bVID.1
100 _aLeeladevi, R.
_eed.by
_9924
100 _eed.by
100 _eed.by
245 _aSastra Sankethika Vijnana Kosam
300 _a801 p.
490 _a(Vidyarthimithram vijnana kosa Srunghala)
700 _aBalakrishnan,V.
_9925
942 _cREF
260 _aKottayam
_bVidyarthimithram
_c1990
_9808
952 _w2009-07-23
_pG0004860
_r2009-07-23
_40
_00
_bUL
_10
_o5+6 (031)(092)=M VID.1
_d2009-07-23
_71
_cREF
_2udc
_yREF
_aUL
999 _c1737
_d1737